Los protagonistas de la prensa (los primeros escritores de periódicos costarricenses, 1833-1859
En objetivo de este ensayo es identificar a las personas responsables de escribir y editar los periódicos, ya que en éstos se refleja lo que piensan los hombres en la época de 1822 y 1859
Guardado en:
| Autor principal: | |
|---|---|
| Formato: | Desconocido |
| Publicado: |
Heredia, Costa Rica:
EUNA : Editorial de la Universidad de Costa Rica,
|
| Materias: | |
| Etiquetas: |
Agregar Etiqueta
Sin Etiquetas, Sea el primero en etiquetar este registro!
|
MARC
| LEADER | 000000000a22000000004500 | ||
|---|---|---|---|
| 001 | 001586 | ||
| 022 | |a 1012-9790 | ||
| 041 | 0 | |a español | |
| 092 | 0 | |a Revista de Historia 905 R | |
| 100 | 1 | |a Vega Jiménez, Patricia | |
| 245 | 1 | 4 | |a Los protagonistas de la prensa (los primeros escritores de periódicos costarricenses, 1833-1859 |
| 260 | |a Heredia, Costa Rica: |b EUNA : Editorial de la Universidad de Costa Rica, | ||
| 520 | |a En objetivo de este ensayo es identificar a las personas responsables de escribir y editar los periódicos, ya que en éstos se refleja lo que piensan los hombres en la época de 1822 y 1859 | ||
| 650 | 4 | |a DIARIOS | |
| 650 | 4 | |a COSTA RICA | |
| 773 | 0 | |t Revista de Historia | |
| 773 | 0 | |g número 28 (julio-diciembre 1993) | |
| 773 | 0 | |g 1975- | |
| 773 | 0 | |g 61-88 páginas | |
| 999 | |c 1880 |d 1880 | ||
